Pearson CBSE expert 2020 question bank : (Record no. 170395)

MARC details
000 -LEADER
fixed length control field 00572nam a2200169 4500
005 - DATE AND TIME OF LATEST TRANSACTION
control field 20191213161239.0
010 ## - LCCN (DPL NO)
LC control number ENG-127139
020 ## - INTERNATIONAL STANDARD BOOK NUMBER
International Standard Book Number 9789389588989
Terms of availability 499.00
035 ## - SYSTEM CONTROL NUMBER
System control number EN-110671
037 ## - SOURCE OF ACQUISITION
Source of stock number/acquisition DBAD/PUB
082 ## - DEWEY DECIMAL CLASSIFICATION NUMBER
Classification number 510
245 ## - TITLE STATEMENT
Title Pearson CBSE expert 2020 question bank :
Remainder of title mathematics standard , class 10
260 ## - PUBLICATION, DISTRIBUTION, ETC. (IMPRINT)
Place of publication, distribution, etc Noida
Name of publisher, distributor, etc Pearson India Education
Date of publication, distribution, etc 2020
270 ## - ADDRESS
Address 15th Floor, Tower-b, World Trade Tower, Plot No.-1, Block -C, Sector 16
City Noida
Postal code 201301
300 ## - PHYSICAL DESCRIPTION
Extent xxv;various paging.
Dimensions 24cm(pbk)
942 ## - ADDED ENTRY ELEMENTS (KOHA)
Source of classification or shelving scheme Dewey Decimal Classification
Item type English Books
Classification part 510
Call number suffix CBS
Holdings
Withdrawn status Lost status Not for loan Collection code Home library Current library Date acquired Source of acquisition Cost, normal purchase price Full call number Barcode Copy number Cost, replacement price Koha item type
      Non-fiction Sarojini Nagar Sarojini Nagar 13/12/2019 DBAD/PUB 499.00 510 CBS EN-110671 1 499.00 English Books

© Delhi Public Library
Hit Counter
free hit counter